|
|
|
|
| LEADER |
00000nta a2200000 i 4500 |
| 001 |
dolg42622 |
| 005 |
20230116141959.0 |
| 008 |
230116s2014 hu om 000 hun d |
| 040 |
|
|
|a BGE Dolgozattár Repozitórium
|b hun
|
| 041 |
|
|
|a hu
|
| 100 |
1 |
|
|a Farkas Tímea Klára
|
| 245 |
1 |
0 |
|a Egy induló marketing tanácsadó vállalkozás - a BEWOLF Kft. marketing stratégiájának kialakítása a kkv szektor elemzésével
|c Farkas Tímea Klára
|h [elektronikus dokumentum]
|
| 260 |
|
|
|c 2014
|
| 695 |
|
|
|a Marketingstratégia
|
| 695 |
|
|
|a Kis- és középvállalkozások
|
| 700 |
1 |
|
|a Nincs adat Nincs adat
|e ths
|
| 856 |
4 |
0 |
|u http://dolgozattar.uni-bge.hu/42622/1/D_16917_EPRP0F%20-%20Farkas%20T%C3%ADmea.pdf
|z Dokumentum-elérés
|